000 00402nam a22001337a 4500
003 SGT
020 _a9788171247394
082 _a891.4309
_bK10R
100 _aराय, विवेकी
245 _aखिली हुई धुप में : काव्य समग्र
260 _bविश्वविद्यालय प्रकाशन
_c2010
300 _a336
942 _2ddc
_cBK
999 _c31237
_d31237